000 00683nam a2200265 i 4500
001 C2-0105089
003 PPAK
005 20180727101355.0
008 970604s1990 txua|||| ||||| | eng d
020 _a0811423603
040 _aPPAK
_beng
_cPPAK
_erda
082 0 4 _a770
_223
090 0 0 _a770
_bCUM
_dR
100 1 _aCumming, David,
_eauthor
245 1 0 _aPhotography
264 1 _aTexas :
_bSteck-Vaughn Library ,
_c1990
300 _a48 pages :
_bcolour illustrations ;
_c28 cm
336 _2rdacontent
_atext
337 _2rdamedia
_aunmediated
338 _2rdacarrier
_avolume
490 1 _aThe Arts
650 1 0 _aPhotography
830 0 _aThe Arts
942 _ddc
_cB
999 _c25317
_d25317